[Event "Wch U16 Girls"]
[Site "Mamaia"]
[Date "2022.09.16"]
[Round "11"]
[White "Petricenco, Ana"]
[Black "Zhou, Chelsea"]
[Result "1/2-1/2"]
[WhiteElo "1997"]
[BlackElo "1718"]
[PlyCount "106"]
[EventDate "2022.09.06"]
[EventType "swiss"]
[EventRounds "11"]
[EventCountry "ROU"]
[SourceTitle "CBM 210 Extra"]
[Source "ChessBase"]
[SourceDate "2022.11.30"]
[SourceVersion "1"]
[SourceVersionDate "2022.11.30"]
[SourceQuality "1"]

1. e4 c5 2. Nf3 d6 3. Bb5+ Bd7 4. Bxd7+ Qxd7 5. c4 Nf6 6. Nc3 g6 7. d4 cxd4 8. Nxd4 Bg7 9. b3 0-0 10. 0-0 Rc8 11. Bb2 Nc6 12. Re1 a6 13. Nxc6 Qxc6 14. Nd5 Nxd5 15. exd5 Qd7 16. Bxg7 Kxg7 17. Qd4+ Kg8 18. Qe3 Re8 19. Qh6 e6 20. dxe6 Rxe6 21. h4 Rae8 22. Rxe6 Qxe6 23. Qd2 Qf6 24. Rd1 Qxh4 25. Qxd6 Re2 26. g3 Qe4 27. Qb4 h5 28. Qc3 Qe7 29. Rd5 Re1+ 30. Kh2 Kh7 31. Qd4 Re4 32. Rd7 Rxd4 33. Rxe7 Kg7 34. Rxb7 Rd2 35. a4 Rxf2+ 36. Kg1 Rc2 37. Rb6 Rc3 38. Kg2 g5 39. a5 f5 40. Rxa6 Rxb3 41. c5 Kf7 42. Rb6 Ra3 43. a6 Ke8 44. Rh6 Kd8 45. Rxh5 f4 46. gxf4 gxf4 47. Rh6 Kc7 48. Rb6 Ra5 49. Kf3 Rxc5 50. Rb7+ Kc6 51. Kxf4 Ra5 52. Ra7 Kb6 53. Ra8 Rxa6 1/2-1/2

[Event "Wch U16 Girls"]
[Site "Mamaia"]
[Date "2022.09.10"]
[Round "5"]
[White "Sereda, Yaroslava"]
[Black "Zhou, Chelsea"]
[Result "1-0"]
[WhiteElo "1800"]
[BlackElo "1718"]
[PlyCount "61"]
[EventDate "2022.09.06"]
[EventType "swiss"]
[EventRounds "11"]
[EventCountry "ROU"]
[SourceTitle "CBM 210 Extra"]
[Source "ChessBase"]
[SourceDate "2022.11.30"]
[SourceVersion "1"]
[SourceVersionDate "2022.11.30"]
[SourceQuality "1"]

1. e4 c5 2. Nf3 d6 3. d4 cxd4 4. Qxd4 Nc6 5. Qe3 Nf6 6. Be2 g6 7. 0-0 Bg7 8. h3 0-0 9. Rd1 Qc7 10. Nc3 a6 11. Qf4 Rd8 12. a4 e6 13. Qh4 Nd7 14. Bh6 Bh8 15. Bg5 Re8 16. Rd2 f6 17. Bf4 Nde5 18. Rad1 Rd8 19. Nxe5 Nxe5 20. Bxe5 fxe5 21. Qg5 Qb6 22. Bf3 Kf7 23. b3 Bf6 24. Qh6 Bg7 25. Qh4 Qc7 26. Rd3 b6 27. Be2 Ra7 28. Qxh7 Rh8 29. Rf3+ Ke8 30. Qxg6+ Kd8 31. Rfd3 1-0

[Event "Wch U16 Girls"]
[Site "Mamaia"]
[Date "2022.09.06"]
[Round "1"]
[White "Francisco Guecamburu, Candela Be"]
[Black "Zhou, Chelsea"]
[Result "1-0"]
[WhiteElo "2233"]
[BlackElo "1718"]
[PlyCount "69"]
[EventDate "2022.09.06"]
[EventType "swiss"]
[EventRounds "11"]
[EventCountry "ROU"]
[SourceTitle "CBM 210 Extra"]
[Source "ChessBase"]
[SourceDate "2022.11.30"]
[SourceVersion "1"]
[SourceVersionDate "2022.11.30"]
[SourceQuality "1"]

1. e4 c5 2. Nf3 d6 3. Bb5+ Bd7 4. Bxd7+ Qxd7 5. c4 Nc6 6. d4 cxd4 7. Nxd4 Nf6 8. Nc3 g6 9. f3 Bg7 10. Be3 0-0 11. 0-0 Rac8 12. b3 e6 13. Rc1 Rfd8 14. Re1 Ne5 15. Qd2 Qe7 16. Bg5 h6 17. Bh4 g5 18. Bf2 Nfd7 19. Na4 Nc5 20. Nb2 Qf6 21. Rc2 a6 22. b4 Ncd7 23. Nb3 b5 24. Na5 bxc4 25. Nbxc4 Nxc4 26. Nxc4 Ne5 27. Nxe5 Qxe5 28. Rd1 Rxc2 29. Qxc2 d5 30. Bb6 Re8 31. Qc6 Rf8 32. Bc5 dxe4 33. fxe4 Qc3 34. Qxa6 Rb8 35. Qd3 1-0